000 nam a22 a 4500
999 _c490143
_d490143
003 BLK
005 20230328115146.0
008 230324b bu |||||r|||| 00| | bu d
020 _a9789731999760
040 _aBLK
041 _aROM
_cDRU
080 _aБелгийска литература
_b821.133.1(493)
_x-31
_z821.133.1(493)-31
100 1 _924466
_aSimenon, Georges
139 _aSimenon, Georges
_bS 61
245 _aPisica
245 _aCasa de pe canal
_cGeorges Simenon ; trad. de Doru Mares, Aurelia Ulici.
260 _9216607
_aBucuresti
_bAdevarul
_c2009
_n978-606-
300 _a270 p.
_c20 cm
380 _aX
490 _9486986
_aBiblioteca Adevarul
490 _9487022
_a100 de opere esentiale
_v35
500 _aОриг. загл.: Le Chat ; La maison du canal / Georges Simenon.
700 _9487090
_aMares, Doru
_etrad.
700 _9487097
_aUlici, Aurelia
_etrad.
856 _i0.00
_ldisable
942 _cKNG
_n0
_s1
944 _aCR
_c2023-03-24
_kКети
999 _d490143